|
|
|
|
| LEADER |
00738nab a2200205 i 4500 |
| 001 |
acta12412 |
| 005 |
20220610112438.0 |
| 008 |
161015s1986 hu o 0|| eng d |
| 022 |
|
|
|a 0324-721X
|
| 040 |
|
|
|a SZTE Egyetemi Kiadványok Repozitórium
|b hun
|
| 041 |
|
|
|a eng
|
| 100 |
1 |
|
|a Vágvölgyi Sándor
|
| 245 |
1 |
3 |
|a On compositions of root-to-frontier tree transformations
|h [elektronikus dokumentum] /
|c Vágvölgyi Sándor
|
| 260 |
|
|
|c 1986
|
| 300 |
|
|
|a 443-480
|
| 490 |
0 |
|
|a Acta cybernetica
|v 7 No. 4
|
| 650 |
|
4 |
|a Természettudományok
|
| 650 |
|
4 |
|a Számítás- és információtudomány
|
| 695 |
|
|
|a Számítástechnika, Kibernetika
|
| 856 |
4 |
0 |
|u http://acta.bibl.u-szeged.hu/12412/1/cybernetica_007_fasc_004_443-480.pdf
|z Dokumentum-elérés
|